000 04453nab a2200277 i 4500
003 BR-BrBNA
005 20250516151757.0
008 250516b2017 bl.qr|pooa||| 00| 0 por |
040 _aBR-BrBNA
_bpor
072 _aP01
100 _aAlexandrino, Ricardo Vieira
100 _aCaiafa, Alessandra Nasser
245 _aAvaliação e caracterização de áreas de preservação permanente no Campus da UFRB, Cruz das Almas, Bahia
500 _a Publicação online; 29 ref.; 4 illus.; Summaries (En, Pt)
520 _a Resumo: As florestas e demais formações vegetacionais nativas do país são um bem de interesse comum a todos os habitantes e possibilita o exercício do direito de propriedade e de sua utilização. As Áreas de Preservação Permanente incluem todas as formas de vegetação nativas situadas nas margens de corpos d’água, localizadas em topos de morro e encostas íngremes com declividade superior a 45 º. Esse estudo buscou avaliar, identificar e caracterizar as áreas de preservação permanente no entorno das nascentes do Campus da Universidade Federal do Recôncavo da Bahia - Cruz das Almas. As áreas próximas às nascentes foram caracterizadas e avaliadas com base nas características e na fragilidade da paisagem, sendo observados a origem e grau de conservação das nascentes; o estágio de regeneração da vegetação ciliar; uso e ocupação das áreas, bem como qualquer outra alteração antrópica. De um total de 43 nascentes avaliadas, 16 foram classificadas como pontuais e 27 difusas. Já segundo seu estado de conservação, foram encontradas duas preservadas, sete perturbadas e 34 degradadas. Entre as maiores perturbações estão a presença das plantas invasoras, presença de animais domésticos e o lixo. Em 76,7%das áreas do entorno das nascentes, no que tange ao seu estagio de regeneração, não se enquadram nas definições da legislação vigente e os pequenos fragmentos existentes são perturbados e encontram-se isolados, o que aponta a necessidade de um plano de restauração e gestão dessas áreas. Palavras-chave: Nascentes, Código Florestal, Recôncavo Sul Baiano
520 _a Abstract: The forests and other native vegetation formations of the country are a good of common interest to all inhabitants and enable the exercise of the right of ownership and its use.Areas of Permanent Preservation include all forms of native vegetation located on the banks of water bodies, located on hilltops and steep slopes with a declivity greater than 45 º.This study aimed to evaluate, identify and characterize the permanent preservation areas around the sources of the Campus of the Federal University of Recôncavo da Bahia - Cruz das Almas. The areas near the sources were characterized and evaluated based on the characteristics and the fragility of the landscape, being observed the origin and degree of conservation of the sources; the stage of regeneration of ciliary vegetation; use and occupation of the areas, as well as any other anthropogenic changes.In a total of 43 sources evaluated, 16 were classified as punctual and 27 diffuse. According to their state of conservation they were found two preserved, seven disturbed and 34 degraded. Among the major disturbances are the presence of invasive plants, the presence of domestic animals and garbage. In 76,7% of the areas around the sources in terms of their regeneration stage do not fit the definitions of the current legislation and the existing small fragments are disturbed and are isolated, which indicates the need for a plan for restoration and management of these areas. Keywords: Sources, Forest Code, Reconcavo Region of South Bahia.
650 _aVEGETAÇÃO NATIVA
650 _aNASCENTE
650 _aPROTEÇÃO AMBIENTAL
650 _aLEGISLAÇÃO
650 _aRECÔNCAVO BAIANO
773 0 _03583
_9350396
_dCruz das Almas-BA Universidade Federal da Bahia - Escola de Agronômia 1983
_o2025-3014
_tMagistra (Brazil)
_x0102-5333
_gv. 29(2) p. 215-224; (2017)
_wBR2025002899
856 _uhttps://periodicos.ufrb.edu.br/index.php/magistra/article/view/4026/2134
942 _cANA
999 _c331550
_d331550